| 000 | 00538nam a2200181Ia 4500 | ||
|---|---|---|---|
| 003 | IN-BaIIA | ||
| 005 | 20230707110513.0 | ||
| 008 | 211028s9999 xx 000 0 eng d | ||
| 040 | _cIIA Library | ||
| 080 |
_a031 _bEBR- YB 64 |
||
| 245 | 0 |
_aBritannica book of the year 1964 _cedited by John G. Armitage |
|
| 260 |
_aLondon _bEncyclopaedia Britannica _c1964 |
||
| 300 | _a600p. | ||
| 650 | _aNASA Thesaurus | ||
| 650 |
_aYearbooks _94151 |
||
| 700 |
_aArmitage, John G. ed. _94152 |
||
| 942 |
_cBK _2ddc |
||
| 999 |
_c2319 _d2319 |
||